Städte in Kroatien - Sudden Death - Statistiken

Allgemein
  • Dieses Quiz wurde 170 mal gespielt
  • Das Durchschnittsergebnis liegt bei 8 aus 15
Answers on the Grid
Answers color-coded by a green-red scale on the quiz's grid according to % correct below.
Zagreb
Split
Rijeka
Zadar
Osijek
Pula
Dubrovnik
Poreč
Varaždin
Makarska
Sisak
Bjelovar
Šibenik
Piran
Ptuj
Karlovac
Pécs
Banja Luka
Bihać
Krk
Vlora
Korfu
Kruševac
Subotica
Arad
Neum
Jesolo
Stara Sagora
Šiauliai
Nikšić
 
Antwortstatistiken
Antwort % Korrekt
Zagreb
88%
Split
81%
Dubrovnik
77%
Zadar
66%
Pula
63%
Rijeka
63%
Krk
61%
Osijek
53%
Poreč
42%
Šibenik
42%
Karlovac
38%
Varaždin
36%
Makarska
29%
Sisak
24%
Bjelovar
22%
Keine übereinstimmenden Quizze gefunden
Verteilung der Resultate
Anzahl Personen mit jedem Resultat
Perzentil nach korrekt beantworteten Fragen
Ihre Resultats-Entwicklung
Sie haben dieses Quiz noch nicht gespielt